AH International Schools' Libraries

Visiting grandpa's house (KHMER) / (Record no. 48942)

MARC details
000 -LEADER
fixed length control field 00305nam a2200109 4500
020 ## - INTERNATIONAL STANDARD BOOK NUMBER
International Standard Book Number 9789924342182
100 ## - MAIN ENTRY--PERSONAL NAME
Personal name Pov, Makara
9 (RLIN) 86330
245 ## - TITLE STATEMENT
Title Visiting grandpa's house (KHMER) /
Statement of responsibility, etc Makara Pov & Sereyroth Chea
260 ## - PUBLICATION, DISTRIBUTION, ETC. (IMPRINT)
Place of publication, distribution, etc Cambodia
Name of publisher, distributor, etc Sipar
Date of publication, distribution, etc 2024
300 ## - PHYSICAL DESCRIPTION
Extent 20 p.
Other physical details col. ill.
Dimensions 25 cm.
942 ## - ADDED ENTRY ELEMENTS (KOHA)
Source of classification or shelving scheme
Koha item type Book
Holdings
Withdrawn status Lost status Source of classification or shelving scheme Damaged status Not for loan Collection code Home library Current library Shelving location Date acquired Total Checkouts Full call number Barcode Checked out Date last seen Date checked out Price effective from Koha item type
          Siem Riep Asian Hope Early Years Library Asian Hope Early Years Library Easy Reading 05/22/2025 13 KHMER E POV 208016 04/29/2026 04/29/2026 04/29/2026 05/22/2025 Book
          Siem Riep Asian Hope Early Years Library Asian Hope Early Years Library Easy Reading 05/22/2025 10 KHMER E POV 208020 04/28/2026 04/28/2026 04/28/2026 05/22/2025 Book

For any Logos Library related questions please contact Miss Art at swongnarasuk@asianhope.org.

For any Asian Hope Library related questions please contact Miss Raza at graza@asianhope.org.

Powered by Koha